Tableau des médailles olympiques - Londres 1948 - Statistiques

Statistiques générales
  • Ce quiz a été pris 10 fois
  • Le résultat moyen est 7 sur 10
Statistiques - réponses
Or Argent Bronze Total Pays % Correct
10 6 13 29 France
100%
38 27 19 84 États-Unis
89%
3 14 6 23 Grande-Bretagne
89%
16 11 17 44 Suède
78%
5 10 5 20 Suisse
78%
10 5 12 27 Hongrie
67%
8 11 8 27 Italie
67%
5 2 9 16 Pays-Bas
67%
8 7 5 20 Finlande
56%
5 7 8 20 Danemark
44%
Aucun quiz correspondant
Distribution des résultats
% des personnes avec chaque résultat
Percentile par nombre de réponses
Votre historique - résultats
Vous n’avez pas pris ce quiz